Porovnanie finančného leasingu v slovenskom a českom účtovníctve

Rozdiely v účtovníctve a vykazovaní finančného leasingu v Slovenskej republike a v Českej republike. Finančný leasing podľa národnej legislatívy v SR a legislatívnej úpravy v ČR. Definovanie a posúdenie rozdielov medzi účtovaním finančného leasingu podľa slovenských a podľa českých účtovných pravidi...

Descrizione completa

Salvato in:
Dettagli Bibliografici
Autore principale: Chalúpková, Eva
Natura: Capitolo di libro
Lingua:inglese
Soggetti:
Tags: Aggiungi Tag
Nessun Tag, puoi essere il primo ad aggiungerne!!

MARC

LEADER 00000nla$a2200000$$$4500
001 0148351
005 20221107084852.7
041 0 |a eng 
044 |a CZ 
245 1 0 |a Porovnanie finančného leasingu v slovenskom a českom účtovníctve  |c Eva Chalúpková 
520 |a Rozdiely v účtovníctve a vykazovaní finančného leasingu v Slovenskej republike a v Českej republike. Finančný leasing podľa národnej legislatívy v SR a legislatívnej úpravy v ČR. Definovanie a posúdenie rozdielov medzi účtovaním finančného leasingu podľa slovenských a podľa českých účtovných pravidiel a predpisov. Zhodnotenie v ktorom z uvedených štátov je výhodnejšie obstarať predmet finančného leasingu (z pohľadu nájomcu). Štúdia dostupných materiálov a metóda porovnania. 
610 2 0 |a Slovensko 
610 2 0 |a Česko 
610 2 0 |a účtovníctvo finančné 
610 2 0 |a metódy účtovné 
610 2 0 |a systémy účtovné 
610 2 0 |a porovnanie medzinárodné 
610 2 0 |a lízing finančný 
100 1 |a Chalúpková, Eva